000 00326nam a22001337a 4500
008 180904b xxu||||| |||| 00| 0 eng d
020 _a0120392259
041 _aeng
080 _a591
100 _a7
101 _aZOO
245 _aAdvances in Veterinary Science and Comparative Medicine
_cCornelius, CH.E
942 _2udc
_cBK
999 _c47522
_d47522